00385cam a22001578i 4500020003100000040000800031082002600039100002000065245002500085250002300110300001300133650001400146650001400160650002900174650002400203 a9780078024511 (alk. paper) cDLC00a379 MCG 2014 A114 Or.1 aSpring, Joel H.10aAmerican education / aSixteenth edition. apages cm 0aEducation 0aEducation 0aEducational equalization 0aEducation and state